Quizzes
Events
Quiz Creation
Community
Videos
Private Events
Remove Ads
Sign In
Join for FREE
Feedback
Dark Mode
Quiz Categories
Sports
Geography
Music
Movies
Television
Just For Fun
Miscellaneous
History
Literature
Language
Science
Gaming
Entertainment
Religion
Holiday
For Kids
Quiz Lab
Recent
Popular Today
Quiz Kudos Today
Editor Picks
Curator Picks
Quizzes by...
Day
Popularity
Type
Ratings
Length
Year
Community
Subscriptions
Recent Discussions
Orange Saloon
Badges
Playlists
Quests
Create
Leaderboards
Showdown
Live 5
Trivia Bingo
Activity
Puzzle Library
Sporcle Events
Private Events
Virtual Trivia
Globe League
Become a Host
Pub Owners
SporcleCon
Opinionation
Our Games
Videos
Blog
Mobile Apps
Partnerships
Remove Ads and Go Orange
Feedback
Geography
Country
Landmarks
City
State
Population
World
Capital
Continent
Flags
Europe
Africa
Asia
South America
North America
Oceania
Border
Canada
United Kingdom
Topography
United States
Geography
Country
Landmarks
City
State
Population
World
Capital
Continent
Flags
Europe
Africa
Asia
South America
North America
Oceania
Border
Canada
United Kingdom
Topography
United States
Random Quiz
Search Sporcle
×
Quiz Lab
Quiz Lab
Geography
Village
Type in answers that appear in a list
Type in answers that appear in a list
Classic
Best Score? Go Orange.
Segon municipi més gran per comarca Stats
Pots anomenar el segon municipi més gran de cada comarca catalana?
By
CallMeRNY
15m
42 Questions
76 Plays
76 Plays
76 Plays
Comments
Comments
Give Quiz Kudos
Give Quiz Kudos
-
- Ratings
hide this ad
Replay
Link that replays current quiz
Next Quiz
Link to next quiz in quiz playlist
You Got
0%
They Got
Avg Score
35%
Avg Friend Score
Upgrade to see
Score Distribution
Jump to the score distribution portion of the page
Score
0/42
Timer
15:00
0
Plays Today
Comarca
Municipi
% Correct
el Vallès Occidental
Sabadell
76.3%
el Barcelonès
L'Hospitalet de Llobregat
68.4%
l'Alt Empordà
Roses
64.5%
el Tarragonès
Salou
60.5%
el Gironès
Salt
56.6%
Osona
Manlleu
51.3%
el Garraf
Sant Pere de Ribes
50%
el Baix Camp
Cambrils
48.7%
la Selva
Lloret de Mar
48.7%
el Baix Ebre
Deltebre
47.4%
l'Alt Penedès
Sant Sadurní d'Anoia
46.1%
el Baix Llobregat
Sant Boi de Llobregat
43.4%
el Vallès Oriental
Mollet del Vallès
43.4%
el Montsià
Sant Carles de la Ràpita
42.1%
la Cerdanya
Bellver de Cerdanya
40.8%
la Ribera d'Ebre
Flix
36.8%
el Baix Penedès
Calafell
35.5%
el Berguedà
Gironella
34.2%
el Maresme
Premià de Mar
34.2%
la Segarra
Guissona
34.2%
el Pallars Jussà
La Pobla de Segur
32.9%
Comarca
Municipi
% Correct
el Bages
Sant Joan de Vilatorrada
31.6%
el Moianès
Castellterçol
31.6%
l'Alt Camp
Alcover
30.3%
l'Alt Urgell
Oliana
30.3%
el Pallars Sobirà
Esterri d'Àneu
30.3%
el Ripollès
Sant Joan de les Abadesses
30.3%
l'Anoia
Piera
28.9%
el Baix Empordà
Sant Feliu de Guíxols
28.9%
l'Alta Ribagorça
La Vall de Boí
27.6%
el Pla de l'Estany
Porqueres
23.7%
l'Urgell
Agramunt
22.4%
la Conca de Barberà
Espluga de Francolí
21.1%
el Segrià
Almacelles
21.1%
les Garrigues
Juneda
19.7%
el Pla d'Urgell
Linyola
19.7%
la Terra Alta
Batea
19.7%
la Noguera
Artesa de Segre
17.1%
la Val d'Aran
Naut d'Aran
14.5%
la Garrotxa
Sant Joan les Fonts
13.2%
el Priorat
Cornudella de Montsant
13.2%
el Solsonès
Sant Llorenç de Morunys
11.8%
Quiz Playlist
Details
Report
Send in Message
Add To Playlist
Classic:
Type in answers that appear in a list
Last Updated: Feb 16, 2017
Quiz Scoreboard
CHALLENGE
Sign Up to Join the Scoreboard
Show All
Scores
Hide
Comments
May contain spoilers
Recently Published
Street Fighter Characters
by Artimus82
Gaming
60s
9x9 Crossword: Cartoon Network
by jackfrog10
Miscellaneous
3m
College Basketball Coaching Resumes
by pancakes188
Sports
9m
More to Explore
Quiz From the Vault
Featured Blog Post
Where Did the Easter Bunny Come From?
hide this ad
You Might Also Like...
Tags
catalan
Largest Towns
National Geography
Spain
Town
Village
Villages Towns
Today's Top Quizzes in Geography
Browse Geography
hide this ad
Today's Top Quizzes in Village
Browse Village
Top Contributed Quizzes in Geography
1
Countries of the World - No Outlines Minefield
2
Top 25 Cities of France on a map
3
Any capital of a 'B' country per Continent
4
Any capital of a 'C' country per Continent
5
Closest Countries to UK A-Z
6
Any capital of a 'D' country per Continent
7
5-to-1: US Geography No Hints
8
Any capital of an 'E' country per Continent
9
Find the US States - No Outlines
10
Any capital of an 'F' country per Continent
Explore More
Trending Topics
Crossword
Anime
Marvel
NBA
Kpop
Harry Potter
Disney
The Office
WWE
Soccer
Pokémon
NFL
Country
Song
Puzzle
hide this ad
More By:
CallMeRNY
Quiz
Plays
Rating
Category
Featured
Created
Segon municipi més gran per comarca
76
3.67
Geography
Jun 24, 2015
Go to Creator's Profile
Score Distribution
Quiz Creator Spotlight
CallMeRNY
Follow
Send a Message
Quizzes Created
-
Created Quiz Play Count
-
More By This Creator
Popular Quizzes Today
1
Find the US States - No Outlines Minefield
2
Find the Countries of Europe - No Outlines Minefield
3
The Countries of the World
4
Find the US States
5
Risky Map Clicking: Biggest States A-Z
6
US States
7
Popular People in 1961
8
Movies - When Are They Set?
More Geography Quizzes
Asian Landmark Reveal III
Curator's Pick
Trending Quizzes
Risky Map Clicking: Least Populous States A-Z
1-10 Letter G Words
Risky Map Clicking: Next State Alphabetically
Adjectives in 80s TV Shows
The Seven Year Switch: Catherine
Recently Updated
Leaping Animals
pecheneg
Reality TV Shows (A-Z)
bhenderson79
Rickey Henderson's Hall of Fame Teammates
pecheneg
Champions League XIs: Arsenal
pecheneg
Quick Pick: Celebrities in WWE's Hall of Fame
aduchscher
A-Z Keypad Blitz II
pecheneg
Multiple Oscar Actors
pecheneg
Mystery Phrase Blitz: Oscar 'Best Actors'
pecheneg
F. Scott Fitzgerald Novels
LTH
Pick 3 Villains
ddd62291
Trending Topics
Kpop
Disney
Crossword
Harry Potter
Marvel
Anime
NBA
WWE
Soccer
The Office
Country
Song
Puzzle
Pokémon
NFL
Your Account Isn't Verified!
In order to create a playlist on Sporcle, you need to verify the email address you used during registration. Go to your
Sporcle Settings
to finish the process.
Report this User
Report this user for behavior that violates our
Community Guidelines
.
Details:
Send Report
Go to the Sporcle.com Mobile Site →
Comments